|
|
|
|
| LEADER |
02060nam a2200505 a 4500 |
| 001 |
nkc20061689373 |
| 003 |
CZ PrNK |
| 005 |
20070320165109.0 |
| 007 |
ta |
| 008 |
070205s2006 xr a e 100 0 cze |
| 015 |
|
|
|a cnb001689373
|
| 020 |
|
|
|a 80-02-01838-9
|q (Český svaz vědeckotechnických společností ;
|q brož.)
|
| 035 |
|
|
|a (OCoLC)124086756
|
| 040 |
|
|
|a ABA001
|b cze
|
| 072 |
|
7 |
|a 630
|x Lesnictví
|2 Konspekt
|9 24
|
| 080 |
|
|
|a 630.4
|2 MRF
|
| 080 |
|
|
|a 504.4
|2 MRF
|
| 080 |
|
|
|a 632.4/.7
|2 MRF
|
| 080 |
|
|
|a 630.41
|2 MRF
|
| 080 |
|
|
|a (062.534)
|2 MRF
|
| 111 |
2 |
|
|a Plošné poškození lesů způsobené povětrnostními vlivy (seminář)
|d (2006 :
|c Praha, Česko)
|7 mzk2007378242
|
| 245 |
1 |
0 |
|a Plošné poškození lesů způsobené povětrnostními vlivy :
|b sborník ze semináře : 27. září 2006, Dům ČS VTS, Praha - Novotného lávka
|
| 260 |
|
|
|a [Praha] :
|b ČS VTS - Česká lesnická společnost,
|c 2006
|
| 300 |
|
|
|a 56 s. :
|b il. ;
|c 30 cm
|
| 500 |
|
|
|a Nad názvem: Česká lesnická společnost, Ministerstvo zemědělství České republiky, VLS
|
| 504 |
|
|
|a Obsahuje bibliografie a bibliografické odkazy
|
| 650 |
0 |
7 |
|a poškození lesa
|7 ph124479
|2 czenas
|
| 650 |
0 |
7 |
|a přírodní katastrofy
|7 ph115995
|2 czenas
|
| 650 |
0 |
7 |
|a škůdci dřeva
|7 ph136659
|2 czenas
|
| 650 |
0 |
7 |
|a ochrana lesa
|7 ph123660
|2 czenas
|
| 650 |
0 |
9 |
|a damage to forests
|2 eczenas
|
| 650 |
0 |
9 |
|a natural disasters
|2 eczenas
|
| 650 |
0 |
9 |
|a pests of wood
|2 eczenas
|
| 650 |
0 |
9 |
|a forest conservation
|2 eczenas
|
| 655 |
|
7 |
|a sborníky konferencí
|7 fd133333
|2 czenas
|
| 655 |
|
9 |
|a proceedings of conferences
|2 eczenas
|
| 710 |
2 |
|
|a Česká lesnická společnost
|7 kn20020911008
|
| 710 |
1 |
|
|a Česko.
|b Ministerstvo zemědělství
|7 kn20010725025
|
| 710 |
2 |
|
|a Vojenské lesy a statky ČR (firma)
|7 mzk2003208077
|
| 910 |
2 |
|
|a BOA001
|b 3-1179.763
|
| 928 |
9 |
|
|a Česká lesnická společnost
|
| 990 |
|
|
|a BK
|
| 995 |
|
|
|a 01
|
| 991 |
|
|
|b 200703
|c NOV
|
| 996 |
6 |
|
|b 2610301614
|c 3-1179.763
|l MZK
|r Sklad / do 1 hodiny
|n 0
|p p.v.
|w 000837732
|u 000010
|a 1
|e BOA001
|j MZK50
|s P
|